<?xml version="1.0" encoding="UTF-8"?>
<record
    xmlns:xsi="http://www.w3.org/2001/XMLSchema-instance"
    xsi:schemaLocation="http://www.loc.gov/MARC21/slim http://www.loc.gov/standards/marcxml/schema/MARC21slim.xsd"
    xmlns="http://www.loc.gov/MARC21/slim">

  <leader>00572nam a22001577a 4500</leader>
  <controlfield tag="003">OSt</controlfield>
  <controlfield tag="005">20151212144802.0</controlfield>
  <controlfield tag="008">151212b        xxu||||| |||| 00| 0 eng d</controlfield>
  <datafield tag="040" ind1=" " ind2=" ">
    <subfield code="c">RUA </subfield>
  </datafield>
  <datafield tag="082" ind1=" " ind2=" ">
    <subfield code="a">ATMs VON 2004 B211 Or.1</subfield>
  </datafield>
  <datafield tag="100" ind1=" " ind2=" ">
    <subfield code="9">4766</subfield>
    <subfield code="a">VONG SIPHAN; &#x179C;&#x1784;&#x17D2;&#x179F; &#x179F;&#x17CA;&#x17B8;&#x1795;&#x17B6;&#x1793;&#x17CB;.</subfield>
  </datafield>
  <datafield tag="245" ind1=" " ind2=" ">
    <subfield code="a">Chemical fertilizer supply system in takhmao districxt, &#x1794;&#x17D2;&#x179A;&#x1796;&#x17D0;&#x1793;&#x17D2;&#x1792;&#x1795;&#x17D2;&#x1782;&#x178F;&#x17CB;&#x1795;&#x17D2;&#x1782;&#x1784;&#x17CB;&#x1787;&#x17B8;&#x1782;&#x17B8;&#x1798;&#x17B8; &#x1793;&#x17C5;&#x179F;&#x17D2;&#x179A;&#x17BB;&#x1780;&#x178F;&#x17B6;&#x1781;&#x17D2;&#x1798;&#x17C5;.</subfield>
  </datafield>
  <datafield tag="260" ind1=" " ind2=" ">
    <subfield code="a">Phnom Penh</subfield>
    <subfield code="b">RUA </subfield>
    <subfield code="c">2004</subfield>
  </datafield>
  <datafield tag="300" ind1=" " ind2=" ">
    <subfield code="a">x; 41p.</subfield>
    <subfield code="b">ill.</subfield>
    <subfield code="c">29cm.</subfield>
  </datafield>
  <datafield tag="942" ind1=" " ind2=" ">
    <subfield code="2">ddc</subfield>
    <subfield code="c">ATMSP</subfield>
  </datafield>
  <datafield tag="999" ind1=" " ind2=" ">
    <subfield code="c">4441</subfield>
    <subfield code="d">4441</subfield>
  </datafield>
  <datafield tag="952" ind1=" " ind2=" ">
    <subfield code="0">0</subfield>
    <subfield code="1">0</subfield>
    <subfield code="2">ddc</subfield>
    <subfield code="4">0</subfield>
    <subfield code="6">ATMS_VON_2004_000000000000000_B211_OR_1</subfield>
    <subfield code="7">0</subfield>
    <subfield code="9">23015</subfield>
    <subfield code="a">LBB</subfield>
    <subfield code="b">LBB</subfield>
    <subfield code="c">B211</subfield>
    <subfield code="d">2015-12-12</subfield>
    <subfield code="o">ATMs VON 2004 B211 Or.1</subfield>
    <subfield code="p">RUA033976</subfield>
    <subfield code="r">2015-12-12</subfield>
    <subfield code="w">2015-12-12</subfield>
    <subfield code="y">ATMSP</subfield>
  </datafield>
  <datafield tag="952" ind1=" " ind2=" ">
    <subfield code="0">0</subfield>
    <subfield code="1">0</subfield>
    <subfield code="2">ddc</subfield>
    <subfield code="4">0</subfield>
    <subfield code="6">ATMS_VON_2004_000000000000000_B211_OR_2</subfield>
    <subfield code="7">0</subfield>
    <subfield code="9">23016</subfield>
    <subfield code="a">LBB</subfield>
    <subfield code="b">LBB</subfield>
    <subfield code="c">B211</subfield>
    <subfield code="d">2015-12-12</subfield>
    <subfield code="o">ATMs VON 2004 B211 Or.2</subfield>
    <subfield code="p">RUA016569</subfield>
    <subfield code="r">2015-12-12</subfield>
    <subfield code="w">2015-12-12</subfield>
    <subfield code="y">ATMSP</subfield>
  </datafield>
  <datafield tag="952" ind1=" " ind2=" ">
    <subfield code="0">0</subfield>
    <subfield code="1">0</subfield>
    <subfield code="2">ddc</subfield>
    <subfield code="4">0</subfield>
    <subfield code="6">ATMS_VON_2004_000000000000000_B211_OR_3</subfield>
    <subfield code="7">0</subfield>
    <subfield code="9">23017</subfield>
    <subfield code="a">LBB</subfield>
    <subfield code="b">LBB</subfield>
    <subfield code="c">B211</subfield>
    <subfield code="d">2015-12-12</subfield>
    <subfield code="o">ATMs VON 2004 B211 Or.3</subfield>
    <subfield code="p">RUA017000</subfield>
    <subfield code="r">2015-12-12</subfield>
    <subfield code="w">2015-12-12</subfield>
    <subfield code="y">ATMSP</subfield>
  </datafield>
  <datafield tag="952" ind1=" " ind2=" ">
    <subfield code="0">0</subfield>
    <subfield code="1">0</subfield>
    <subfield code="2">ddc</subfield>
    <subfield code="4">0</subfield>
    <subfield code="6">ATMS_VON_2004_000000000000000_B211_OR_4</subfield>
    <subfield code="7">0</subfield>
    <subfield code="9">23018</subfield>
    <subfield code="a">LBB</subfield>
    <subfield code="b">LBB</subfield>
    <subfield code="c">B211</subfield>
    <subfield code="d">2015-12-12</subfield>
    <subfield code="o">ATMs VON 2004 B211 Or.4</subfield>
    <subfield code="p">RUA016617</subfield>
    <subfield code="r">2015-12-12</subfield>
    <subfield code="w">2015-12-12</subfield>
    <subfield code="y">ATMSP</subfield>
  </datafield>
  <datafield tag="952" ind1=" " ind2=" ">
    <subfield code="0">0</subfield>
    <subfield code="1">0</subfield>
    <subfield code="2">ddc</subfield>
    <subfield code="4">0</subfield>
    <subfield code="6">ATMS_VON_2004_000000000000000_B211_OR_5</subfield>
    <subfield code="7">0</subfield>
    <subfield code="9">23019</subfield>
    <subfield code="a">LBB</subfield>
    <subfield code="b">LBB</subfield>
    <subfield code="c">B211</subfield>
    <subfield code="d">2015-12-12</subfield>
    <subfield code="o">ATMs VON 2004 B211 Or.5</subfield>
    <subfield code="p">RUA016547</subfield>
    <subfield code="r">2015-12-12</subfield>
    <subfield code="w">2015-12-12</subfield>
    <subfield code="y">ATMSP</subfield>
  </datafield>
  <datafield tag="952" ind1=" " ind2=" ">
    <subfield code="0">0</subfield>
    <subfield code="1">0</subfield>
    <subfield code="2">ddc</subfield>
    <subfield code="4">0</subfield>
    <subfield code="6">ATMS_VON_2004_000000000000000_B211_OR_6</subfield>
    <subfield code="7">0</subfield>
    <subfield code="9">23020</subfield>
    <subfield code="a">LBB</subfield>
    <subfield code="b">LBB</subfield>
    <subfield code="c">B211</subfield>
    <subfield code="d">2015-12-12</subfield>
    <subfield code="o">ATMs VON 2004 B211 Or.6</subfield>
    <subfield code="p">RUA016639</subfield>
    <subfield code="r">2015-12-12</subfield>
    <subfield code="w">2015-12-12</subfield>
    <subfield code="y">ATMSP</subfield>
  </datafield>
  <datafield tag="952" ind1=" " ind2=" ">
    <subfield code="0">0</subfield>
    <subfield code="1">0</subfield>
    <subfield code="2">ddc</subfield>
    <subfield code="4">0</subfield>
    <subfield code="6">ATMS_VON_2004_000000000000000_B211_OR_7</subfield>
    <subfield code="7">0</subfield>
    <subfield code="9">23021</subfield>
    <subfield code="a">LBB</subfield>
    <subfield code="b">LBB</subfield>
    <subfield code="c">B211</subfield>
    <subfield code="d">2015-12-12</subfield>
    <subfield code="o">ATMs VON 2004 B211 Or.7</subfield>
    <subfield code="p">RUA016999</subfield>
    <subfield code="r">2015-12-12</subfield>
    <subfield code="w">2015-12-12</subfield>
    <subfield code="y">ATMSP</subfield>
  </datafield>
  <datafield tag="952" ind1=" " ind2=" ">
    <subfield code="0">0</subfield>
    <subfield code="1">0</subfield>
    <subfield code="2">ddc</subfield>
    <subfield code="4">0</subfield>
    <subfield code="6">ATMS_VON_2004_000000000000000_B211_OR_8</subfield>
    <subfield code="7">0</subfield>
    <subfield code="9">23022</subfield>
    <subfield code="a">LBB</subfield>
    <subfield code="b">LBB</subfield>
    <subfield code="c">B211</subfield>
    <subfield code="d">2015-12-12</subfield>
    <subfield code="o">ATMs VON 2004 B211 Or.8</subfield>
    <subfield code="p">RUA016567</subfield>
    <subfield code="r">2015-12-12</subfield>
    <subfield code="w">2015-12-12</subfield>
    <subfield code="y">ATMSP</subfield>
  </datafield>
  <datafield tag="952" ind1=" " ind2=" ">
    <subfield code="0">0</subfield>
    <subfield code="1">0</subfield>
    <subfield code="2">ddc</subfield>
    <subfield code="4">0</subfield>
    <subfield code="6">ATMS_VON_2004_000000000000000_B211_OR_9</subfield>
    <subfield code="7">0</subfield>
    <subfield code="9">23023</subfield>
    <subfield code="a">LBB</subfield>
    <subfield code="b">LBB</subfield>
    <subfield code="c">B211</subfield>
    <subfield code="d">2015-12-12</subfield>
    <subfield code="o">ATMs VON 2004 B211 Or.9</subfield>
    <subfield code="p">RUA033787</subfield>
    <subfield code="r">2015-12-12</subfield>
    <subfield code="w">2015-12-12</subfield>
    <subfield code="y">ATMSP</subfield>
  </datafield>
</record>
